000 00521nam a2200169 i 4500
001 43895
003 ES-MaACL
005 20230906160913.0
007 t|
008 030320s1966 sp ||||1| spa d
245 0 0 _aCibernética un puente entre las ciencias /
_crecopilación por H. Frank ; traducción de Juan Godo Costa.
260 _a[Barcelona] :
_bZeus,
_c[1966]
300 _a541 p. :
_bil. ;
_c22 cm.
700 1 _aFrank, H.
_952303
700 1 _aGodo Costa, Juan.
_957532
852 _aES-MaACL
_jC-30503
_bR.60744
999 _c43895
_d43895